000 00708nam a2200265Ia 4500
005 20260121170938.0
008 008 260114s9999 xx 000 0 eng d
020 _a9783030045036
037 _aEBOOK
040 _aCRL
040 _beng
040 _cCRL
041 _2eng
041 _aeng
084 _qCRL
100 _aMohadeseh Ganji, Lida Rashidi, Benjamin C. M. Fung, Can Wang
_91070124
245 0 _aTrends and Applications in Knowledge Discovery and Data Mining
260 _bSpringer
260 _bSpringer
260 _c2018
856 _uhttps://link.springer.com/openurl?genre=book&isbn=978-3-030-04503-6
942 _cEBOOK
999 _c1635854
_d1635854